| 000 | 00579nam a2200217 a 4500 | ||
|---|---|---|---|
| 001 | 12758 | ||
| 003 | CO-ViMGA | ||
| 008 | 141112s2004 ck r 000 u spa d | ||
| 020 | _a0883122324 | ||
| 040 |
_aCO-ViMGA _bspa _cCO-ViMGA |
||
| 082 | 0 | 4 | _a498.2 S451 |
| 100 | 1 |
_aSlocum, Marianna _918462 |
|
| 245 | 1 | 0 | _aGramática Páez |
| 260 |
_aLomalinda : _bMeta, _cTownsend, _c1986 |
||
| 300 | _a171p. | ||
| 650 | 1 | 4 | _aINDIGENAS DE COLOMBIA |
| 650 | 1 | 4 |
_aLEGUA BUA _918463 |
| 650 | 1 | 4 |
_aLENGUAS - INDIGENAS - COLOMBIA _914388 |
| 650 | 1 | 4 |
_aPAEZ - GRAMATICA _97807 |
| 942 |
_2ddc _cBK |
||
| 999 |
_c23702 _d23702 |
||